|
|
|
|
| LEADER |
01099cam a22003371a 4500 |
| 001 |
000034951 |
| 003 |
11203 |
| 005 |
20151029000000.0 |
| 008 |
151027s1999 000 eng |
| 020 |
|
|
|a 0393973433
|
| 041 |
|
|
|a eng
|
| 082 |
|
|
|a 420.973
|b SH-D
|
| 100 |
|
|
|a Shi, David E.
|
| 245 |
|
|
|a For the Record a Documentary History of American
|c David E.Shi
|
| 260 |
|
|
|c 1999
|
| 300 |
|
|
|a 437p. : ill ; 25cm
|
| 650 |
|
|
|a History , American, History , USA, David E.Shi, 1999
|
| 852 |
|
|
|b Chuyên đề
|c Văn học nước ngoài
|
| OWN |
|
|
|a LNN
|
| AVA |
|
|
|a UDN50
|b LNN
|d 420.973 SH-D
|e available
|t Error 5001 Not defined in file expand_doc_bib_avail.
|f 1
|g 0
|h N
|i 0
|k 1
|
| 999 |
|
|
|a From the UDN01
|
| AVA |
|
|
|a UDN50
|b LNN
|d 420.973 SH-D
|e available
|t Error 5001 Not defined in file expand_doc_bib_avail.
|f 1
|g 0
|h N
|i 0
|k 1
|
| TYP |
|
|
|a Monograph
|
| TYP |
|
|
|a Printed language
|
| 980 |
|
|
|a Mạng thư viện Đại học Đà Nẵng
|